| 000 | 01249nam a22003377a 4500 | ||
|---|---|---|---|
| 001 | BR7803376 | ||
| 003 | BR-BrBNA | ||
| 005 | 20230928085617.0 | ||
| 007 | ta | ||
| 008 | 230509b bl.||||| |||| 00| 0 por d | ||
| 040 |
_aBR-BrBNA _bpor _cBiblioteca Nacional de Agricultura |
||
| 041 | _a(Por) | ||
| 072 |
_aP10; F26; E30 _b/G514 |
||
| 090 | _ P10 BR7803376 | ||
| 100 | 1 | _aMuller, W. | |
| 100 | 1 | _aLinthe, H.R. | |
| 110 | 1 | _aSuperintendencia do Desenvolvimento do Nordeste, Recife, PE (Brasil). Div. de Recursos Minerais; | |
| 110 | 1 | _aBundesaustalf fur Geowissenschaften und Rohstoffe, Hannover (Germany) | |
| 245 | 1 | _aPesquisas hidrogeologicas, pedologicas e agro-economicas para aproveitamento da regiao centro-leste do piaui Pt. 1: resumo dos resultados e recomendacoes para o desenvolvimento posterior [Brasil] | |
| 260 | 3 |
_aHannover (germany): _bBundesanstalf fur Geowissenschaften und Rohstoffe, _cApr 1978. |
|
| 300 | _a107 p. | ||
| 500 | _a14 illus.; 12 Maps (scale 1:50,000 to 1:400,000) | ||
| 650 | _aRecurso hidrico | ||
| 650 | _aRecurso do solo | ||
| 650 | _aProjeto de desenvolvimento | ||
| 650 | _aHidrologia | ||
| 650 | _aPedologia | ||
| 650 | _aPiaui | ||
| 909 |
_a202309 _bLucia _c55 _dLucia Elande |
||
| 942 | _cBK | ||
| 999 |
_c25363 _d25363 |
||